Learning Resource and Development

Factors affecting the online learning capacity of second year Bachelor of Science in Office Administration students in Camarines Sur Polytechnic Colleges - Buhi Campus / (Record no. 26595)

MARC details
000 -LEADER
fixed length control field 01040nam a2200253 i 4500
003 - CONTROL NUMBER IDENTIFIER
control field CSPC
005 - DATE AND TIME OF LATEST TRANSACTION
control field 20231122143415.0
007 - PHYSICAL DESCRIPTION FIXED FIELD--GENERAL INFORMATION
fixed length control field ta
008 - FIXED-LENGTH DATA ELEMENTS--GENERAL INFORMATION
fixed length control field 231122s2021 ph a m 000 0beng
090 ## - LOCALLY ASSIGNED LC-TYPE CALL NUMBER (OCLC); LOCAL CALL NUMBER (RLIN)
Classification number (OCLC) (R) ; Classification number, CALL (RLIN) (NR) UTH BSOA Ed82f
100 ## - MAIN ENTRY--PERSONAL NAME
Personal name Edaugal, Geffrey N.
Dates associated with a name author.
245 ## - TITLE STATEMENT
Title Factors affecting the online learning capacity of second year Bachelor of Science in Office Administration students in Camarines Sur Polytechnic Colleges - Buhi Campus /
Statement of responsibility, etc. Donna Grace Oliveros.
264 ## - PRODUCTION, PUBLICATION, DISTRIBUTION, MANUFACTURE, AND COPYRIGHT NOTICE
Place of production, publication, distribution, manufacture Buhi, Camarines Sur :
Name of producer, publisher, distributor, manufacturer Camarines Sur Polytechnic Colleges,
Date of production, publication, distribution, manufacture, or copyright notice 2021.
300 ## - PHYSICAL DESCRIPTION
Extent 84 leaves :
502 ## - DISSERTATION NOTE
Dissertation note Undergraduate Theses (BSOA) Office Administration
Name of granting institution Camarines Sur Polytechnic Colleges
700 ## - ADDED ENTRY--PERSONAL NAME
Personal name Oliveros, Donna Grace
Relator term author.
700 ## - ADDED ENTRY--PERSONAL NAME
Personal name Arcilla, Krisse Anguia Marie A.
Relator term author.
720 ## - ADDED ENTRY--UNCONTROLLED NAME
Name Infnate, Leonisa D.
Relator term adviser
720 ## - ADDED ENTRY--UNCONTROLLED NAME
Name Oliveros, Josefin N.
Relator term panelist chairperson
720 ## - ADDED ENTRY--UNCONTROLLED NAME
Name Rosal, Jhomer I.
Relator term panelist member
720 ## - ADDED ENTRY--UNCONTROLLED NAME
Name Secundo, Rey O.
Relator term panelist member
942 ## - ADDED ENTRY ELEMENTS (KOHA)
Source of classification or shelving scheme Dewey Decimal Classification
Suppress in OPAC No
Koha item type Unpublished Materials
Holdings
Withdrawn status Lost status Source of classification or shelving scheme Damaged status Not for loan Home library Current library Shelving location Date acquired Total Checkouts Full call number Barcode Date last seen Copy number Price effective from Koha item type
    Dewey Decimal Classification   Not For Loan Buhi Campus Buhi Campus Undergraduate Thesis Section 11/22/2023   UTH BSOA Ed82f 2021 00042UM-BUH 11/22/2023 1-1 11/22/2023 Unpublished Materials